Expansión misional de España / (Record no. 184619)

MARC details
000 -LEADER
campo de control de longitud fija 00625nam a2200193 i 4500
001 - NÚMERO DE CONTROL
campo de control 184619
003 - IDENTIFICADOR DE NÚMERO DE CONTROL
campo de control ES-MaACL
005 - FECHA Y HORA DE LA ÚLTIMA TRANSACCIÓN
campo de control 20230906222235.0
008 - DATOS DE LONGITUD FIJA--INFORMACIÓN GENERAL
campo de control de longitud fija 151027s1936 sp |||| | spa d
100 0# - ENTRADA PRINCIPAL--NOMBRE DE PERSONA
Nombre de persona Bayle, Constantino.
9 (RLIN) 26670
245 10 - MENCIÓN DEL TÍTULO
Título Expansión misional de España /
Mención de responsabilidad, etc. por Constantino Bayle.
260 ## - PUBLICACIÓN, DISTRIBUCIÓN, ETC.
Lugar de publicación, distribución, etc. Barcelona :
Nombre del editor, distribuidor, etc. Labor,
Fecha de publicación, distribución, etc. 1936.
300 ## - DESCRIPCIÓN FÍSICA
Extensión 241 p. :
Otras características físicas 8 lám. ;
Dimensiones 19 cm.
490 1# - MENCIÓN DE SERIE
Mención de serie Colección pro Ecclesia et Patria ;
Designación de volumen o secuencia 13
650 #4 - PUNTO DE ACCESO ADICIONAL DE MATERIA--TÉRMINO DE MATERIA
Término de materia o nombre geográfico como elemento de entrada Misiones españolas-
Subdivisión general Historia.
9 (RLIN) 158032
830 0# - PUNTO DE ACCESO ADICIONAL DE SERIE-TÍTULO UNIFORME
Título uniforme Colección pro Ecclesia et Patria ;
Designación de volumen o secuencia 13
9 (RLIN) 192193
852 ## - LOCALIZACIÓN
Ubicación ES-MaACL
Número de control de estantería C-29146
Holdings
Estatus retirado Estado de pérdida Estado de daño No para préstamo Biblioteca de origen Biblioteca actual Ubicación en estantería Fecha de adquisición Fuente de adquisición Total de préstamos Signatura topográfica completa Código de barras Visto por última vez Precio de reemplazo Tipo de ítem Koha
        Biblioteca del Ateneo de Madrid Biblioteca del Ateneo de Madrid Depósito 2 27/10/2015     C-29146 1194374 23/02/2023 23/02/2023 Libro impreso